000 00543nam a22001697a 4500
005 20231107095255.0
008 231107b |||||||| |||| 00| 0 eng d
020 _a9780702119071
041 _aEnglish
082 _a346.47 DEA
100 _aDean, OH and Karjiker,S
_lEnglish
245 _aDean: Handbook of South African Copyright Law /
_cOH Dean and S Karjiker
260 _aCape Town :
_bJuta and Company (Pty) Ltd,
_c1987
300 _bxiv,
_c27 cm.
650 _aLegal practice
_bLaw
942 _cBK
_6ALISON_BN_VRIES
999 _c361
_d361